000 00685nam a2200205 i 4500
001 44288
003 ES-MaACL
005 20230906161009.0
007 t|
008 030321s1965 sp ||||1| spa d
100 1 _aCienfuegos Castaño, Alejandro.
_938783
245 1 4 _aUna aplicación contable para la empresa española /
_cAlejandro Cienfuegos Castaño, Gonzalo León García, Carlos Borges Oliva.
260 _aMadrid :
_bTALE,
_c[1965]
300 _a344 p. ;
_c25 cm.
650 0 4 _aContabilidad-
_zEspaña.
_911308
700 1 _aLeón García, Gonzalo.
_971616
700 1 _aBorges Oliva, Carlos.
_930470
852 _aES-MaACL
_jC-35713
_bR.69137
852 _aES-MaACL
_jC-29238
999 _c44288
_d44288